000 00212 a2200097 4500
001 46536
100 _aMackenzie, D
245 _aKhushal Khan Khatak
260 _aLondon
_bGeorge Allen
_c
090 _c29639
_d29639
942 _aNUST-CAE
_cM
_c21823
999 _c281609
_d281609